| 000 | 00748nam a2200241 i 4500 | ||
|---|---|---|---|
| 001 | bg | ||
| 100 | 1 | _aZIELNICA, Jerzy | |
| 245 | 1 | 0 |
_aWytrzymałość materiałów / _cJerzy Zielnica. |
| 250 | _aWyd. 3. | ||
| 260 |
_aPoznań : _bWydaw. Politechniki Poznańskiej, _c2001. |
||
| 300 |
_a559 s., [2] s. err. : _brys., wykr. ; _c24 cm. |
||
| 504 | _aBibliogr. s. 558-559. | ||
| 650 | 9 | _aWytrzymałość materiałów | |
| 655 | _aPodręczniki akademickie | ||
| 020 | _a8371431805 | ||
| 040 | _cBPK | ||
| 041 | _apl | ||
| 080 | _a620.17:539.3/.6](075.8) | ||
| 920 | _a83-7143-180-5 | ||
| 942 | _cKS | ||
| 008 | s pl f |000 0 pol | ||
| 999 |
_c40739 _d40739 |
||
| 856 |
_uhttp://koha.tu.koszalin.pl/cgi-bin/koha/opac-detail.pl?biblionumber=40739 _yKatalog online BPK |
||